Quizlendrier de l'Avent #18 - Noël chez les Chrétiens - Statistiques

Statistiques générales
  • Ce quiz a été pris 515 fois
  • Le résultat moyen est 9 sur 15
Statistiques - réponses
Questions Réponses % Correct
Juif dont on célèbre la naissance le jour de Noël Jésus
99%
Mère de #1 Marie
96%
Père terrestre de #1 Joseph
93%
Ane
74%
Ville ou #1 est mis au monde Bethléem
67%
Balthazar
64%
Métier de ce dernier Charpentier
63%
Noms des trois rois mages Melchior
59%
Animaux dans la crèche Bœuf
58%
Présents des trois rois mages Or
54%
Gaspard
52%
Encens
43%
Myrrhe
30%
Evènement qui avait lieu dans cette ville Recensement
20%
Nom donné à #1, notamment chez Saint-Matthieu Emmanuel
13%
Aucun quiz correspondant
Distribution des résultats
% des personnes avec chaque résultat
Percentile par nombre de réponses
Votre historique - résultats
Vous n’avez pas pris ce quiz